000 01474cam a2200205 4500
001 ##L134639
008 060821n1926 000 0 eng u
035 _a(Sirsi) u134639
041 0 _aeng
050 0 4 _a333.33 $2 18
100 1 _aHowkins, F.
245 0 3 _aAn introduction to the development of private building estates and town planning
260 _aLondon
_bEstates Gazette Ltd
_c1926
300 _axv, 368p.
_diagrams.
_c22cm.
520 _aDiscusses the causes which operate for and against the development of building estates; the maturity of land and land values; choice of a building estate; acquisition of freehold and leasehold building estates; statutes affecting the development of building estates; registration of title; outgoings; easements; boundaries and their adjustment; the diversion and stopping-up of highways; use of maps and plans; the Town Planning Act and its effect upon building estates; the estate plan and sections; schemes of development; the design and making of roads and sewers; the making up and taking over of private streets; gas, water and electricity supplies; disposal of the estate; preparation of conveyance, lease and auction sale plans; general management of a building estate; estimation of profits; valuation of profits; losses; uneconomic schemes.
650 2 4 _aTOWN PLANNING ACT 1925
651 4 _aEngland and Wales
_y1543-
690 _aPROPERTY-RESIDENTIAL PROPERTY-RESIDENTIAL PROPERTY DEVELOPMENT
942 _n0
999 _c105753
_d105753